[Event "AUTO-BEG-676"]
[Site "http://www.queenalice.com/game.php?id=1760872"]
[Date "2021.5.29"]
[Round "1"]
[White "Clemente09"]
[Black "playagain"]
[Result "1-0"]
[WhiteElo "1466"]
[BlackElo "1477"]

1. d4 Nf6 2. Bg5 g6 3. c4 Bg7 4. f3 O-O 5. e4 b6 6. Nc3 Bb7 7. Nh3 c6 8. d5 d6
9. dxc6 Nxc6 10. Nd5 e6 11. Nxf6+ Bxf6 12. Bxf6 Qxf6 13. b3 d5 14. cxd5 exd5 15.
exd5 Rfe8+ 16. Be2 Nd4 17. Ng1 Bxd5 18. Kf2 Rac8 19. Bd3 Nc2 20. Bxc2 Rxc2+ 21.
Kf1 Rf2+ 22. Kxf2 Bc6 23. Ne2 Rd8 24. Qc2 Re8 25. Rae1 Qg5 26. Qxc6 Qe3+ 27. Kf1
g5 28. h4 Qf4 29. Qxe8+ Kg7 30. Nxf4 gxf4 31. Re7 1-0

[Event "AUTO-INT-3644"]
[Site "http://www.queenalice.com/game.php?id=1762574"]
[Date "2021.6.18"]
[Round "2"]
[White "Danado"]
[Black "playagain"]
[Result "1-0"]
[WhiteElo "1500"]
[BlackElo "1479"]

1. e4 c5 2. Bc4 e6 3. Nf3 a6 4. O-O Nf6 5. Nc3 g6 6. d4 b5 7. Be2 Bb7 8. dxc5
Bg7 9. Bg5 O-O 10. Bxf6 Bxf6 11. e5 Bg7 12. Qd3 b4 13. Ne4 Nc6 14. Qd6 f5 15.
Ned2 Qe7 16. Qxe7 Nxe7 17. Nb3 Nc6 18. Rad1 Rfd8 19. Ng5 Bxe5 20. Rc1 Bf6 21.
Nh3 Nd4 22. Nxd4 Bxd4 23. c3 Bxc5 24. Ng5 h6 25. Nf3 g5 26. cxb4 Bxb4 27. a3 Bd6
28. Bc4 Bxf3 29. gxf3 Be5 30. Rc2 a5 31. Rd1 d5 32. Be2 f4 33. Rcd2 Rab8 34. Rb1
Bf6 35. a4 Rb4 36. b3 e5 37. Bd1 d4 38. Be2 Kg7 39. Bd3 h5 40. Rc2 g4 41. fxg4
hxg4 42. Rc7+ Kh6 43. Rh7+ Kg5 44. h4+ 1-0

[Event "AUTO-INT-3644"]
[Site "http://www.queenalice.com/game.php?id=1762575"]
[Date "2021.6.18"]
[Round "2"]
[White "playagain"]
[Black "Danado"]
[Result "1-0"]
[WhiteElo "1448"]
[BlackElo "1525"]

1. c4 e6 2. Nc3 d5 3. d4 Nf6 4. Nf3 dxc4 5. g3 Nc6 6. Bg2 Bb4 7. O-O Bxc3 8.
bxc3 O-O 9. Bf4 Nd5 10. Qc2 h6 11. e4 Nxf4 12. gxf4 b5 13. Qd2 f6 14. d5 exd5
15. exd5 Be6 16. Qe3 Bxd5 17. Qc5 a6 18. Qe3 Bxf3 19. Bxf3 Re8 20. Qc5 Qd6 21.
Qh5 Re7 22. f5 Rae8 23. Rad1 Qa3 24. Bxc6 Rf8 25. Rd2 Qxc3 26. Rdd1 Qb4 27. Rd7
Rxd7 28. Bxd7 Qe7 29. Bc6 c3 30. Bb7 a5 31. a3 b4 32. axb4 axb4 33. Bd5+ Kh8 34.
Qf3 Qd6 35. Rb1 Re8 36. Bf7 Re7 37. Qa8+ 1-0

[Event "AUTO-INT-3644"]
[Site "http://www.queenalice.com/game.php?id=1762580"]
[Date "2021.6.18"]
[Round "2"]
[White "playagain"]
[Black "tche_elvio"]
[Result "0-1"]
[WhiteElo "1464"]
[BlackElo "1456"]

1. c4 g6 2. d4 Bg7 3. e4 d6 4. Nf3 e6 5. Nc3 Ne7 6. g3 O-O 7. Bg2 a6 8. Bg5 Nd7
9. O-O c6 10. d5 cxd5 11. cxd5 exd5 12. exd5 b5 13. Qe2 Bb7 14. Qd2 Ne5 15. Nxe5
Bxe5 16. f4 Bxc3 17. Qxc3 Bxd5 18. Bxd5 Qb6+ 19. Rf2 Nxd5 20. Qd2 Nc7 21. f5 Qc6
22. fxg6 hxg6 23. Bh6 Rfe8 24. Re1 Rxe1+ 25. Qxe1 Ne6 26. Rd2 Nc5 27. Qe2 Qe4
28. Qxe4 Nxe4 29. Bf4 Nxd2 30. Bxd2 f5 0-1

[Event "AUTO-INT-3644"]
[Site "http://www.queenalice.com/game.php?id=1762581"]
[Date "2021.6.18"]
[Round "2"]
[White "tche_elvio"]
[Black "playagain"]
[Result "0-1"]
[WhiteElo "1439"]
[BlackElo "1484"]

1. d4 Nf6 2. c4 g6 3. Nc3 Bg7 4. g3 d6 5. Bg2 O-O 6. Nf3 Bf5 7. Bg5 c6 8. O-O d5
9. cxd5 cxd5 10. a3 Nc6 11. b4 Qd7 12. Ne5 Qe6 13. Nxc6 bxc6 14. e3 Bh3 15. a4
Bxg2 16. Kxg2 Ne4 17. Nxe4 dxe4 18. Qc2 Rac8 19. Qc5 h6 20. Bxe7 Rfe8 21. Bd6 a6
22. Rab1 Red8 23. Rbd1 Rxd6 24. h4 Rd5 25. Qb6 Ra8 26. b5 axb5 27. axb5 cxb5 28.
Qxe6 fxe6 29. Ra1 Rxa1 30. Rxa1 h5 31. Ra8+ Kf7 32. Rb8 Rf5 33. Rb7+ Kf6 34. Rb6
Bf8 35. Rb8 Be7 36. f4 b4 37. Kf2 Ra5 38. Rxb4 Bxb4 0-1

[Event "AUTO-INT-3644"]
[Site "http://www.queenalice.com/game.php?id=1762582"]
[Date "2021.6.18"]
[Round "2"]
[White "playagain"]
[Black "BobFicha"]
[Result "0-1"]
[WhiteElo "1466"]
[BlackElo "1761"]

1. c4 e5 2. Nf3 d6 3. g3 Be6 4. b3 g6 5. Bg2 c6 6. d4 Nd7 7. O-O Bg7 8. e4 Bg4
9. Bg5 Bxf3 10. Bxd8 Bxd1 11. Bg5 Bg4 12. Nd2 exd4 13. Bf3 Bxf3 14. Nxf3 h6 15.
Bf4 Be5 16. Bd2 Ngf6 17. Rfe1 d3 18. Rac1 Nc5 19. b4 Ncxe4 20. Re3 Nxd2 21. Nxd2
O-O-O 22. Rxd3 Kb8 23. f4 Bxf4 24. gxf4 Nh5 25. Rf1 f5 26. a4 Rhe8 27. c5 dxc5
28. Rxd8+ Rxd8 29. Nc4 Rd4 30. Re1 Rxc4 0-1

[Event "AUTO-INT-3644"]
[Site "http://www.queenalice.com/game.php?id=1762583"]
[Date "2021.6.18"]
[Round "2"]
[White "BobFicha"]
[Black "playagain"]
[Result "1-0"]
[WhiteElo "1764"]
[BlackElo "1461"]

1. e4 c5 2. Nf3 Nf6 3. Nc3 g6 4. Bc4 Bg7 5. Ng5 O-O 6. e5 Ne8 7. O-O e6 8. Qf3
Qxg5 9. d4 Qe7 10. Qf4 d6 11. Re1 d5 12. Be2 cxd4 13. Qxd4 Nc6 14. Qg4 Nxe5 15.
Qg3 Nd6 16. Bf4 Ne4 17. Nxe4 dxe4 18. Bxe5 Bxe5 19. Qxe5 f5 20. Bc4 Rf7 21. Red1
Bd7 22. a4 b6 23. Rxd7 Qxd7 24. Bxe6 Qe7 25. Bxf7+ Qxf7 26. b3 Rd8 27. g3 Re8
28. Qf4 Rd8 29. Rb1 Rd2 30. Qxd2 Qe7 31. Qd5+ Kg7 32. Rd1 e3 33. Qd7 Qxd7 34.
Rxd7+ 1-0

[Event "AUTO-INT-3712"]
[Site "http://www.queenalice.com/game.php?id=1773783"]
[Date "2021.11.2"]
[Round "1"]
[White "ARRMA"]
[Black "playagain"]
[Result "1-0"]
[WhiteElo "1501"]
[BlackElo "1393"]

1. c4 Nf6 2. Nc3 g6 3. e4 e5 4. g3 Bg7 5. Bg2 d6 6. d3 O-O 7. Nge2 b6 8. O-O Bb7
9. h3 c5 10. f4 Nbd7 11. Be3 a6 12. Qd2 b5 13. cxb5 Qb6 14. bxa6 Rxa6 15. f5 Nh5
16. g4 Nf4 17. Nxf4 exf4 18. Bxf4 Ne5 19. Bxe5 Bxe5 20. f6 1-0

[Event "AUTO-INT-3712"]
[Site "http://www.queenalice.com/game.php?id=1773784"]
[Date "2021.11.2"]
[Round "1"]
[White "playagain"]
[Black "ARRMA"]
[Result "0-1"]
[WhiteElo "1406"]
[BlackElo "1475"]

1. c4 c5 2. Nc3 Nf6 3. Nf3 d5 4. b3 d4 5. Na4 Ne4 6. d3 Qa5+ 7. Bd2 Nxd2 8. Nxd2
e5 9. g3 Bd7 10. Bg2 Nc6 11. O-O Be7 12. e3 O-O 13. Qf3 Qxd2 14. Rfe1 Qxd3 15.
Red1 Qg6 16. Qe2 Bg4 17. f3 Be6 18. Nxc5 Bxc5 19. exd4 Nxd4 0-1

[Event "AUTO-INT-3712"]
[Site "http://www.queenalice.com/game.php?id=1773801"]
[Date "2021.11.2"]
[Round "1"]
[White "playagain"]
[Black "mvson33"]
[Result "1-0"]
[WhiteElo "1511"]
[BlackElo "1656"]

1. c4 Nf6 2. Nf3 d5 3. cxd5 Nxd5 4. g3 Nf6 5. Bg2 Nc6 6. O-O Bd7 7. d3 e5 8. e4
Bd6 9. Nc3 O-O 10. Be3 Qe7 11. Qb3 Rab8 12. Nd5 Nxd5 13. Qxd5 a6 14. a4 Rfd8 15.
Bg5 1-0

[Event "AUTO-INT-3712"]
[Site "http://www.queenalice.com/game.php?id=1773802"]
[Date "2021.11.2"]
[Round "1"]
[White "mvson33"]
[Black "playagain"]
[Result "1-0"]
[WhiteElo "1663"]
[BlackElo "1521"]

1. e4 c5 2. Nf3 d6 3. d4 cxd4 4. Nxd4 Nf6 5. Nc3 e5 6. Nf3 g6 7. Bc4 Bg7 8. O-O
O-O 9. Bg5 Nc6 10. a3 h6 11. Bh4 Qe7 12. Nd5 Qe6 13. Nxf6+ 1-0

[Event "AUTO-INT-3712"]
[Site "http://www.queenalice.com/game.php?id=1773803"]
[Date "2021.11.2"]
[Round "1"]
[White "playagain"]
[Black "Givanildo"]
[Result "0-1"]
[WhiteElo "1471"]
[BlackElo "1578"]

1. c4 e6 2. e3 Bc5 3. d4 Bb6 4. Nf3 h6 5. Bd2 d5 6. c5 Bxc5 7. dxc5 Bd7 8. g3 a6
9. Bg2 c6 10. Ne5 Ne7 11. Nc3 O-O 12. f4 Nf5 13. O-O Be8 14. e4 dxe4 15. Nxe4
Nd7 16. b4 Nxe5 17. fxe5 b6 18. Qf3 b5 19. Bc3 Nd4 20. Qf2 Nf5 21. Rad1 Qc7 22.
g4 Ne7 23. g5 Nf5 24. gxh6 Nxh6 25. Ng5 Nf5 26. Be4 g6 27. Bxf5 exf5 28. Qh4 f6
29. Qh7+ Qxh7 30. Nxh7 Kxh7 31. e6 Ra7 32. Rd8 Re7 33. Re1 Kg7 34. Ra8 g5 35.
Rxa6 Bh5 36. Rxc6 f4 37. Rb6 f3 38. Rxb5 Bg4 39. Kf2 Rh8 40. Rh1 Bxe6 41. Kxf3
Rh3+ 42. Kg2 Rxc3 43. Ra1 Rc2+ 0-1

[Event "AUTO-INT-3712"]
[Site "http://www.queenalice.com/game.php?id=1773804"]
[Date "2021.11.2"]
[Round "1"]
[White "Givanildo"]
[Black "playagain"]
[Result "1-0"]
[WhiteElo "1590"]
[BlackElo "1515"]

1. d4 Nf6 2. h3 c6 3. Bf4 d5 4. e3 g6 5. Bd3 Bg7 6. Ne2 O-O 7. O-O Be6 8. Ng3
Nbd7 9. a3 c5 10. c3 b6 11. Be5 Nxe5 12. dxe5 c4 13. Bc2 Qc7 14. f4 Qc5 15. b4
Qc7 16. exf6 Bxf6 17. Nd2 b5 18. f5 gxf5 19. Nxf5 Rfd8 20. Nh6+ Kf8 21. Bxh7 d4
22. exd4 Qg3 23. Qh5 Bd5 24. Nf3 Ke8 25. Rae1 Kd7 26. Bf5+ Be6 27. Bxe6+ fxe6
28. Qxb5+ Kc7 29. Qxc4+ Kd7 30. Qxe6+ Kc7 31. b5 Qd6 32. Qc4+ Kd7 33. Nf5 Qc7
34. Qe6+ Ke8 35. Ne5 Bxe5 36. Rxe5 Qxc3 37. Qxe7# 1-0